000 00630nam a2200229Ia 4500
003 OSt
005 20220928113717.0
006 a|||||r|||| 00| 0
007 ta
008 220927b |||||||| |||| 00| 0 eng d
024 _a27041
037 _cTextual
040 _aSDCL
_cSDCL
_beng
041 _2eng
_aeng
082 _aX9W:972.73'N8, M4
100 _aKearney Richard C
_9434633
245 0 _aLabor relations in the public sector
260 _aNew York
_b Marcel Dekker
_c1984
300 _avii,337p
_ccm.
942 _hX9W:972.73'N8, M4
_cTEXL
_2CC
999 _c750938
_d750938